A clash of kings / (Record no. 3689)

MARC details
000 -LEADER
fixed length control field 00640cam a2200193 4500
001 - CONTROL NUMBER
control field 4456
005 - DATE AND TIME OF LATEST TRANSACTION
control field 20181127173427.0
008 - FIXED-LENGTH DATA ELEMENTS--GENERAL INFORMATION
fixed length control field 980722s1999 nyua 000 1 eng
020 ## - INTERNATIONAL STANDARD BOOK NUMBER
International Standard Book Number 0553108034
100 1# - MAIN ENTRY--PERSONAL NAME
Personal name Martin, George R. R.
245 12 - TITLE STATEMENT
Title A clash of kings /
Statement of responsibility, etc. George R.R. Martin.
260 ## - PUBLICATION, DISTRIBUTION, ETC.
Place of publication, distribution, etc. London :
Name of publisher, distributor, etc. Harper,
Date of publication, distribution, etc. 2014.
300 ## - PHYSICAL DESCRIPTION
Extent 913 p. :
Other physical details ill. ;
Dimensions 22 cm.
490 1# - SERIES STATEMENT
Series statement A song of ice and fire ;
Volume/sequential designation bk. 2
500 ## - GENERAL NOTE
General note Includes two maps of the territory of A clash of kings on endpapers.
General note Sequel to: A game of thrones.
655 #7 - INDEX TERM--GENRE/FORM
Genre/form data or focus term Fantasy fiction.
Source of term gsafd
800 1# - SERIES ADDED ENTRY--PERSONAL NAME
Personal name Martin, George R. R.
Title of a work Song of ice and fire ;
Volume/sequential designation bk. 2.
Holdings
Withdrawn status Lost status Source of classification or shelving scheme Damaged status Not for loan Collection code Home library Current library Shelving location Date acquired Serial Enumeration / chronology Inventory number Total Checkouts Total Renewals Full call number Barcode Date last seen Date last checked out Price effective from Koha item type
    Dewey Decimal Classification     Fiction RTC Library RTC Library Fiction 14/12/2021 8006 6 6 FIC 813.54 MAR 30007028 01/08/2024 28/06/2024 27/11/2018 Fiction
Royal Thimphu College || All Right Reserved